000 00630nam a2200241Ia 4500
003 OSt
005 20221005123247.0
006 a|||||r|||| 00| 0
007 ta
008 221004b |||||||| |||| 00| 0 mal d
024 _a46830
037 _cTextual
040 _aCRL
_cCRL
_bmal
041 _2mal
_amal
082 _aO32,2M58,17, J2
100 _aPillai Raman Au.
_9622539
245 0 _aKusnppilla kalavi
260 _c1952
650 _a MALAYALAM LITERATURE
_938866
650 _aMALAYALAM DRAMA
_9207189
942 _hO32,2M58,17, J2
_cTEXL
_2cc
999 _c1046866
_d1046866